Surveying the glass ceiling: an investigation of the progress made by women in the surveying profession. (Record no. 99684)

MARC details
000 -LEADER
fixed length control field 00945cam a2200241 4500
008 - FIXED-LENGTH DATA ELEMENTS--GENERAL INFORMATION
fixed length control field 000000n1999 000 0 eng u
020 ## - INTERNATIONAL STANDARD BOOK NUMBER
International Standard Book Number 0854069704
035 ## - SYSTEM CONTROL NUMBER
System control number (Sirsi) u100348
041 ## - LANGUAGE CODE
Language code of text/sound track or separate title ENG
050 ## - LIBRARY OF CONGRESS CALL NUMBER
Classification number 331.481333
100 ## - MAIN ENTRY--PERSONAL NAME
Personal name Ellison, Louise
245 ## - TITLE STATEMENT
Title Surveying the glass ceiling: an investigation of the progress made by women in the surveying profession.
260 ## - PUBLICATION, DISTRIBUTION, ETC.
Name of publisher, distributor, etc. RICS
Date of publication, distribution, etc. 1999
300 ## - PHYSICAL DESCRIPTION
Extent iv, 55p. ; 30cm.
520 ## - SUMMARY, ETC.
Summary, etc. A report on research funded by the Education Trust of the Royal Institution of Chartered Surveyors and carried out by Lousie Ellison of the Department of Land and Construction Management, the University of Portsmouth.
650 ## - SUBJECT ADDED ENTRY--TOPICAL TERM
Topical term or geographic name entry element WOMEN IN SURVEYING
650 ## - SUBJECT ADDED ENTRY--TOPICAL TERM
Topical term or geographic name entry element WOMEN SURVEYORS
650 ## - SUBJECT ADDED ENTRY--TOPICAL TERM
Topical term or geographic name entry element EQUAL OPPORTUNITIES
650 ## - SUBJECT ADDED ENTRY--TOPICAL TERM
Topical term or geographic name entry element SALARY SURVEYS
690 ## - LOCAL SUBJECT ADDED ENTRY--TOPICAL TERM (OCLC, RLIN)
Topical term or geographic name as entry element MANAGEMENT-BUSINESS MANAGEMENT-PROFESSIONAL PRACTICE
710 ## - ADDED ENTRY--CORPORATE NAME
Corporate name or jurisdiction name as entry element Royal Institution of Chartered Surveyors
9 (RLIN) 4900
942 ## - ADDED ENTRY ELEMENTS (KOHA)
Suppress in OPAC 0
Holdings
Withdrawn status Lost status Source of classification or shelving scheme Damaged status Not for loan Home library Current library Shelving location Date acquired Total Checkouts Full call number Barcode Date last seen Copy number Price effective from Koha item type Date last checked out
    Dewey Decimal Classification     London London RICS Boxes 11/10/1999   RICS 1999/45 30059348 06/08/2019 1 06/08/2019 Archive  
    Dewey Decimal Classification     London London RICS Boxes 11/10/1999   RICS 1999/45 30059349 06/08/2019 2 06/08/2019 Reference material  
    Dewey Decimal Classification     London London RICS Boxes 11/10/1999 13 RICS 1999/45 30059351 06/08/2019 4 06/08/2019 Book 23/11/2009
    Dewey Decimal Classification     London London RICS Boxes 01/05/2008   RICS 1999/45 30074699 06/08/2019 6 06/08/2019 Reference material